| 000 | 00467nam a22001817a 4500 | ||
|---|---|---|---|
| 003 | MPLRDC | ||
| 005 | 20220104161904.0 | ||
| 008 | 210129b ||||| |||| 00| 0 eng d | ||
| 020 | _a981-229-461-9 | ||
| 082 | _a738.6256 ELP | ||
| 100 | _aPETER ELPHICK | ||
| 245 |
_a真相 _c陈新才等译 |
||
| 250 | _a一版一刷 | ||
| 260 |
_a新加坡 _b亚太图书有限公司 _c2006 |
||
| 300 | _b413 | ||
| 650 | _a东南亚--马来西亚 | ||
| 942 |
_cBK _o738.6256 ELP |
||
| 999 |
_c55706 _d55696 |
||